Anuari estadístic : Manresa 2008 Manresa 2008
Descripción Física:
102 p. : mapes, gràf., taules ; 30 cm
Otros Autores:
Pacte Territorial del Bages
MARC
| LEADER | 00000nam a2200000Ia 4500 | ||
|---|---|---|---|
| 001 | 24190 | ||
| 008 | 160829s2003 xx 000 0 cat d | ||
| 080 | |a Bib-187 | ||
| 245 | |a Anuari estadístic : |b Manresa 2008 | ||
| 260 | |a Manresa : |b Ajuntament de Manresa. Servei de Desenvolupament, |c 2003 | ||
| 300 | |a 102 p. : |b mapes, gràf., taules ; |c 30 cm | ||
| 590 | |a En la contracoberta: amb la col·laboració de Generalitat de Catalunya. Departament de Treball, Indústria, Comerç i Turisme, Diputació de Barcelona, Fons Social Europeu, Pacte Territorial del Bages, Ajuntament de Manresa | ||
| 650 | |a Manresa |x Estadístiques |x Revistes |9 49380 | ||
| 650 | |a Manresa |x Condicions econòmiques |x Revistes |9 49381 | ||
| 650 | |a Manresa |x Condicions socials |x Revistes |9 49382 | ||
| 700 | |a Pacte Territorial del Bages |9 49383 | ||
| 710 | 1 | |a Manresa (Catalunya). |b Ajuntament |9 51573 | |
| 710 | 1 | |a Barcelona (Catalunya : Província). |b Diputació |9 52408 | |
| 710 | 2 | |a Fons Social Europeu |9 7014 | |
| 710 | 1 | |a Catalunya. |b Departament de Treball, Indústria, Comerç i Turisme |9 56421 | |
| 901 | |a Arxiu | ||
| 942 | |n 1 | ||
| 952 | |0 0 |1 0 |4 0 |6 BIB187 |7 1 |9 55296 |a Arxiu |b Arxiu |d 2016-12-01 |l 0 |o Bib-187 |p 24190 |r 2016-12-01 00:00:00 |w 2016-12-01 |y ARXIU | ||
| 999 | |c 59169 |d 59169 | ||